logo

Bir Sreshtho Munshi Abdur Rouf Library
Jhenaidah Cadet College

The Oxford book of English prose / (Record no. 9296)

MARC details
000 -LEADER
fixed length control field 00747cam a2200241 a 4500
001 - CONTROL NUMBER
JCCL Control Number 9296
003 - CONTROL NUMBER IDENTIFIER
JCCL marc code BD-JhCC
005 - DATE AND TIME OF LATEST TRANSACTION
control field 20180312181545.0
008 - FIXED-LENGTH DATA ELEMENTS--GENERAL INFORMATION
fixed length control field 790215s1925 enk 001 0 eng
035 ## - SYSTEM CONTROL NUMBER
system control number 2196069
-- (BD-JhCC)9296
040 ## - CATALOGING SOURCE
Original cataloging agency WAWW
Transcribing agency WAWW
Modifying agency NSL:R
-- BD-JhCC
041 ## - LANGUAGE CODE
Language code of Book eng
050 00 - LIBRARY OF CONGRESS CALL NUMBER
Classification number PR1285
Item number .O9
082 ## - DEWEY DECIMAL CLASSIFICATION NUMBER
Author mark and Year THE 1925
245 04 - TITLE STATEMENT
Title The Oxford book of English prose /
Statement of responsibility, etc chosen and edited by Sir Arthur Quiller-Couch.
260 ## - PUBLICATION, DISTRIBUTION, ETC. (IMPRINT)
Place of publication, distribution, etc Oxford :
Name of publisher, distributor, etc Clarendon press,
Date of publication, distribution, etc 1925.
300 ## - PHYSICAL DESCRIPTION
Pagination xx, 1092 p. ;
Dimensions 20 cm.
500 ## - GENERAL NOTE
General note Library's copy includes publishers advertisement
Institution to which field applies ANL.
650 #0 - SUBJECT ADDED ENTRY--TOPICAL TERM
Topical term or geographic name as entry element English prose literature.
700 1# - ADDED ENTRY--PERSONAL NAME
Personal name Quiller-Couch, Arthur Thomas,
Titles and other words associated with a name Sir,
Dates associated with a name 1863-1944,
942 ## - ADDED ENTRY ELEMENTS (KOHA)
Source of classification or shelving scheme Dewey Decimal Classification
Koha item type Books
Holdings
Source of classification or shelving scheme Damaged status Not for loan Home library Current library Shelving location Total Checkouts Full call number Barcode Date last seen Copy number Koha item type
Dewey Decimal Classification     JCC Rouf Library JCC Rouf Library General Stacks   820.82 OXF 1925 12444 03/12/2018 C - 1 Books

JCC Library | Contacts | JCC Home

Last Update on 23 September 2017
Copyright @ 2017-2020 JCC Rouf Library
Rouf Library, Jhenidah Cadet College (JCC), Bangladesh